Most Populous New Jersey Municipalities in 1920 - Statistics

General Stats
  • This quiz has been taken 6 times
  • The average score is 14 of 20
Answer Stats
Population County Status Municipality % Correct
50,707 Atlantic City Atlantic City
100%
116,309 Camden City Camden
100%
68,166 Hudson City Hoboken
100%
298,103 Hudson City Jersey City
100%
414,524 Essex City Newark
100%
135,875 Passaic City Paterson
100%
119,289 Mercer City Trenton
100%
76,754 Hudson City Bayonne
80%
95,783 Union City Elizabeth
80%
63,841 Passaic City Passaic
80%
41,707 Middlesex City Perth Amboy
80%
26,724 Hudson Town Kearny
60%
32,779 Middlesex City New Brunswick
60%
33,268 Essex City Orange
60%
27,700 Union City Plainfield
60%
26,470 Passaic City Clifton
40%
25,480 Essex Town Irvington
40%
50,710 Essex City East Orange
20%
28,810 Essex Town Montclair
0%
29,916 Hudson Town West New York
0%
No matching quizzes found
Score Distribution
Percent of People with Each Score
Percentile by Number Answered
Your Score History
You have not taken this quiz